| 000 | 01151nam a2200229 i 4500 | ||
|---|---|---|---|
| 001 | 162952 | ||
| 003 | ES-MaACL | ||
| 005 | 20250715063127.0 | ||
| 008 | 931025s1874 sp |||| | spa d | ||
| 080 | _a821.134.2-22"18" | ||
| 100 | 1 |
_aRamos Carrión, Miguel, _d1848-1915 _995293 |
|
| 245 | 1 | 3 |
_aLa viuda del zurrador _b: parodia romántica en un acto dividido en dos cuadros / _coriginal de Miguel Ramos Carrión y Vital Aza. |
| 260 |
_aMadrid : _b[s.n.], _c1874 ( _fImp. de José Rodriguez) |
||
| 300 |
_a28 p. ; _c20 cm. |
||
| 500 | _aEn port.: Estrenada en el teatro Español el 21 de diciembre de 1874. | ||
| 530 | _aDisponible en formato digital. | ||
| 594 | _aEn la cubierta: Administración Lírico-Dramática. | ||
| 700 | 1 |
_aAza, Vital, _d1851-1912 _924210 |
|
| 852 |
_aES-MaACL _jF-8562(8) _z-- Enc. pasta española _q-- Falto de la cub. original _z-- Enc. en un vol. facticio formando parte de la col. facticia "Teatro español moderno", vol. 14 _z.- Firma manuscrita de Gustavo Saenz Díez, 1876 |
||
| 856 |
_uhttp://bdh-rd.bne.es/viewer.vm?id=0000174512&page=1 _zBiblioteca Digital Hispánica |
||
| 999 |
_c162952 _d162952 |
||